000 00560nam a2200181 i 4500
001 85053
003 ES-MaACL
005 20240426063025.0
007 t|
008 041125s1972 sp |||| | spa d
100 0 _aJiménez, José Olivio,
_d1926-2003
_966415
245 1 0 _aDiez años de poesía española, 1960-1970 /
_cJosé Olivio Jiménez.
260 _aMadrid :
_bÍnsula,
_c1972.
300 _a44 p. ;
_c22 cm.
650 4 _aPoesía española-
_yS.XX-
_xHistoria y crítica.
_916167
852 _aES-MaACL
_jC-42995
999 _c85053
_d85053